| 000 | 00641nam a22002177a 4500 | ||
|---|---|---|---|
| 999 |
_c16454 _d16454 |
||
| 003 | ASAB | ||
| 005 | 20170307095158.0 | ||
| 008 | 120420t xxu||||| |||| 00| 0 eng d | ||
| 020 | _a9780071102315 | ||
| 040 |
_aASAB _cASAB |
||
| 050 | _a579.1 WIL | ||
| 082 | _a579.1 WIL | ||
| 100 |
_aJoanne M. Willey and Linda M Sherwood _986 |
||
| 245 |
_aPrescott, Harley, and Klein's Microbiology _cJoanne M. Willey and Linda M Sherwood |
||
| 260 |
_a Boston _bMc Graw Hill |
||
| 300 |
_a1088 p, (Photo Copy) _b7 th Ed |
||
| 440 |
_aMicrobiology _987 |
||
| 600 |
_aJoanne M Willey _988 |
||
| 650 |
_2Microbiolgy _989 |
||
| 700 |
_aJoanne M Wiley _990 |
||
| 942 |
_2lcc _cBK |
||